Lineamientos para una política social orientada a la consolidación democrática en una época de crisis
Zapisane w:
| Korporacja: | |
|---|---|
| Format: | Texto |
| Wydane: |
Quito:
ILPES
|
| Etykiety: |
Dodaj etykietę
Nie ma etykietki, Dołącz pierwszą etykiete!
|
MARC
| LEADER | 00000 a a2200000 04500 | ||
|---|---|---|---|
| 001 | 25075 | ||
| 003 | |||
| 040 | |||
| 090 | |a 179700 | ||
| 110 | |a ILPES | ||
| 245 | |a Lineamientos para una política social orientada a la consolidación democrática en una época de crisis | ||
| 260 | |a Quito: |b ILPES | ||
| 300 | |a 25 p | ||
| 999 | |c 16878 |d 16878 | ||
